| 000 | 00427nam a2200181Ia 4500 | ||
|---|---|---|---|
| 005 | 20240823011321.0 | ||
| 008 | 240823s9999||||xx |||||||||||||| ||und|| | ||
| 041 | _aENGLISH | ||
| 082 | _A621.3815 M4 | ||
| 100 | _a"Carr,Joseph" | ||
| 245 | 0 | _aCMOS / TTL User s Guide with projects | |
| 250 | _a1st | ||
| 260 |
_c1984 _b"TAB,USA" |
||
| 500 | _aYES | ||
| 650 |
_aElectronics _bElectronics |
||
| 942 | _cBK | ||
| 999 |
_c161170 _d161170 |
||